Kenntnisse von natúrlichen Dingen zum Gebrauche der studierenben Jugend im Königreich Hungarn und den damit verbundenen Staaten. Cum Speciali Privil. Sac. Caes. Reg. Apost. Maj. Kostet ungebunden samt 4 Kupfertafeln 14 Kr.

Bibliographic Details
Corporate Authors: Tlačiareň Kráľovskej budínskej univerzity (Trnava, Slovensko) (Printer), Tlačiareň Kráľovskej Uhorskej univerzity (Budapešť, Maďarsko) (Printer)
Other Authors: Binder, Ján Filip, 1735-1811 (Illustrator)
Format: Book
Language:German
Subjects:

MARC

LEADER 00000cam a22000005 4500
001 vtls001485647
003 SK-MaSNL
005 20260301122332.0
008 041118s1787 xo a 00000 ger
035 |a SNK000440940 
040 |a SNK  |b slo  |c SNK  |e AACR2 
041 0 |a ger 
044 |a xo  |c SK 
072 7 |a 57  |x Všeobecná biológia  |2 konspekt 
072 7 |a 5  |x Prírodné vedy. Matematické vedy  |2 konspekt 
080 |a 57/59  |2 2011 
080 |a 5  |2 2011 
130 |a Kenntnisse  |9 467742 
245 0 0 |a Kenntnisse von natúrlichen Dingen zum Gebrauche der studierenben Jugend im Königreich Hungarn und den damit verbundenen Staaten. Cum Speciali Privil. Sac. Caes. Reg. Apost. Maj. Kostet ungebunden samt 4 Kupfertafeln 14 Kr. 
264 3 |a Ofen  |b gedruckt mit königlichen Universitätsschriften  |c MDCCLXXXVII. (1787) 
300 |a 186 strán, 4 nečíslované strany  |b ilustrované tabuľky  |c 8° 
336 |a text  |b txt  |2 rdacontent 
337 |a zväzok  |b nc  |2 rdacarier 
338 |a bez média  |b n  |2 rdamedia 
500 |a Titulný list s vinetou, linky, vinety, zložky, kustody, za hlavným textom zviazané ilustrované tabuľky 
561 |a Provenienčný záznam na titulnom liste: Bibliotheca Rosenberg Schol. Piar. a con... 1805.  |5 SNK SD 10928 
561 |a Exlibris na prednom prídoští: Inscriptus Bibliothecae Jaszoviensi Canonicorum Regularium Praemonstratensium, Anno 18.  |5 SNK SD 10928 D2 
650 0 7 |a biológia  |2 SNKPH  |9 689 
700 1 |a Binder, Ján Filip,  |d 1735-1811  |4 ill  |9 467743 
710 2 |a Tlačiareň Kráľovskej budínskej univerzity (Trnava, Slovensko),  |d 1777-1797  |4 prt  |9 288686 
710 2 |a Tlačiareň Kráľovskej Uhorskej univerzity (Budapešť, Maďarsko)  |4 prt  |9 295662 
752 |a Slovensko  |d Trnava 
752 |a Slovensko  |d Budapešť 
852 |a Slovenská národná knižnica v Martine  |p SD 10928 ; SD 10928 D1 ; SD 10928 D2 
958 |a ONDV 
958 |a DD 
999 |c 732521  |d 734451 
952 |a SNK  |b SNK  |y PREZ  |7 0  |p 17A0955490  |o snkSD 10928  |i snk3992/56  |0 0  |1 0  |4 0  |d 2004-11-18  |l 0  |r 2025-11-25 00:00:00  |w 2026-02-23 
952 |a SNK  |b SNK  |y PREZ  |7 0  |p 17A1187583  |o snkSD 10928 D1  |i snkKSF 424/56  |8 5  |0 0  |1 0  |4 0  |d 2017-04-29  |l 0  |r 2026-02-23 22:34:08  |w 2026-02-23 
952 |a SNK  |b SNK  |y PREZ  |7 0  |p 17A1187584  |o snkSD 10928 D2  |i snkF 2553/67  |8 5  |0 0  |1 0  |4 0  |d 2017-04-29  |l 0  |r 2026-02-23 22:34:08  |w 2026-02-23